| 000 | 00456nam a2200157 4500 | ||
|---|---|---|---|
| 001 | 133044 | ||
| 003 | ES-MaACL | ||
| 005 | 20230906194319.0 | ||
| 007 | t| | ||
| 008 | 070214s1969 sp r ||||1| cat d | ||
| 100 | 1 |
_aRosselló i Verger, Vicenç M. _999846 |
|
| 245 | 1 | 3 |
_aEl litoral valenciá / _cVicenç M. Rosselló i Verger. |
| 260 |
_aValencia : _bL'Estel, _c1969. |
||
| 300 |
_a2 v. ; _c22 cm + _e4 map. |
||
| 852 |
_aES-MaACL _jC-46799-800 _bR.72011 |
||
| 999 |
_c133044 _d133044 |
||